logo

Bir Sreshtho Munshi Abdur Rouf Library
Jhenaidah Cadet College

উচ্চ মাধ্যমিক বীজগণিত ও ত্রিকোণমিতি একাদশ-দ্বাদশ শ্রেণি / (Record no. 5815)

MARC details
000 -LEADER
fixed length control field 00780nam a2200229 a 4500
001 - CONTROL NUMBER
JCCL Control Number 5815
003 - CONTROL NUMBER IDENTIFIER
JCCL marc code BD-JhCC
005 - DATE AND TIME OF LATEST TRANSACTION
control field 20171221200935.0
008 - FIXED-LENGTH DATA ELEMENTS--GENERAL INFORMATION
fixed length control field 171221s19992005bg |||| || | 000 0 ben d
035 ## - SYSTEM CONTROL NUMBER
system control number (BD-JhCC)5815
040 ## - CATALOGING SOURCE
Original cataloging agency BD-JhCC
Modifying agency BD-JhCC
041 ## - LANGUAGE CODE
Language code of Book ben
082 ## - DEWEY DECIMAL CLASSIFICATION NUMBER
Classification number 512
Author mark and Year ZAM 2005
100 ## - MAIN ENTRY--PERSONAL NAME
Personal name উজ-জামান, আফসার
245 ## - TITLE STATEMENT
Title উচ্চ মাধ্যমিক বীজগণিত ও ত্রিকোণমিতি একাদশ-দ্বাদশ শ্রেণি /
Statement of responsibility, etc আফসার উজ-জামান,
260 ## - PUBLICATION, DISTRIBUTION, ETC. (IMPRINT)
Place of publication, distribution, etc ঢাকা :
Name of publisher, distributor, etc আইডিয়াল লাইব্রেরী,
Date of publication, distribution, etc 2005.
300 ## - PHYSICAL DESCRIPTION
Pagination 180 p. :
Dimensions 24 cm.
650 ## - SUBJECT ADDED ENTRY--TOPICAL TERM
Topical term or geographic name as entry element Algebra
650 ## - SUBJECT ADDED ENTRY--TOPICAL TERM
Topical term or geographic name as entry element Trigonomitry
942 ## - ADDED ENTRY ELEMENTS (KOHA)
Source of classification or shelving scheme Dewey Decimal Classification
Koha item type Books
Holdings
Source of classification or shelving scheme Damaged status Not for loan Home library Current library Shelving location Date of accession Cost, normal purchase price Total Checkouts Full call number Barcode Date last seen Date checked out Copy number Koha item type
Dewey Decimal Classification     JCC Rouf Library JCC Rouf Library General Stacks 12/21/2017 76.00 2 512 ZAM 2005 7913 05/29/2025 05/25/2025 C - 1 Books

JCC Library | Contacts | JCC Home

Last Update on 23 September 2017
Copyright @ 2017-2020 JCC Rouf Library
Rouf Library, Jhenidah Cadet College (JCC), Bangladesh